| 000 | 03387nam1a2200397 i 4500 | ||
|---|---|---|---|
| 001 | RU\NLR\BIBL_A\012496545 | ||
| 005 | 20260419062927.0 | ||
| 010 |
_a9785604390245 _bРег. |
||
| 035 | _a(NLR Aleph) 012496545 | ||
| 090 |
_a12207234 _c12207234 |
||
| 100 | _a20210406g2020 km y0rusy50 ca | ||
| 101 | 0 |
_arus _deng |
|
| 102 | _aRU | ||
| 105 | _a||||z|||||||| | ||
| 181 | 0 |
_ai3 _baxxe |
|
| 182 | 0 | _an | |
| 200 | 1 |
_aИнновационные технологии управления социально-экономическим развитием регионов России _eматериалы XII Всероссийской научно-практической конференции с международным участием, 27-28 августа 2020 года _fИнститут социально-экономических исследований Уфимского федерального исследовательского центра РАН, ...Институт экономики Словацкой академии наук, ...Западно-казахстанский государственный университет им. М. Утемисова, Бакинский государственный университет, Нахичеванский государственный университет _gредакционная коллегия: Гайнанов Д. А., д.э.н., проф. [и др.] |
|
| 203 |
_aТекст _bвизуальный _cнепосредственный |
||
| 210 |
_aУфа _cИСЭИ УФИЦ РАН _d2020 |
||
| 215 | _d24 | ||
| 300 | _aРез. англ. | ||
| 606 | 1 |
_aИнновационная деятельность _jСъезды, совещания и т.п _xУправление _xРегиональный аспект _92604444 _3RU\NLR\AUTH\661541002 |
|
| 607 |
_aРоссийская Федерация _jСъезды, совещания и т.п _xСоциально-экономическое развитие _xРегиональный аспект _92155873 _3RU\NLR\AUTH\661297883 |
||
| 686 | 1 | _aУ9(2)-55-21(2Р)я431 | |
| 686 | 1 | _aУ04(2Р)9я431 | |
| 702 | 1 |
_4340 _aГайнанов _bД. А. _cд-р экон. наук _f1956- _gДамир Ахнафович _9188332 _3RU\NLR\AUTH\770188383 |
|
| 711 | 1 | 2 |
_a"Инновационные технологии управления социально-экономическим развитием регионов России", всероссийская научно-практическая конференция с международным участием _d12 _eУфа _f2020 _9745882 _3RU\NLR\AUTH\880540892 |
| 712 | 0 | 2 |
_4475 _aИнститут социально-экономических исследований _cУфа _3RU\NLR\AUTH\8810017389 _9532621 |
| 712 | 0 | 2 |
_4570 _aЭкономический институт _cБратислава _3RU\NLR\AUTH\889937485 _9369792 |
| 712 | 0 | 2 |
_4570 _aЗападно-Казахстанский государственный университет им. М. Утемисова _cУральск _3RU\NLR\AUTH\8810092909 _9687084 |
| 712 | 0 | 2 |
_4570 _aБакинский государственный университет _3RU\NLR\AUTH\889920935 _9338040 |
| 852 |
_aNLR _j2021-7/2165 |
||
| 942 | _cBOOK | ||